000 00333nam a2200121 a 4500
005 20140414131913.0
008 101014s19uu xx 00 eng d
050 _aER
_bYa1 1979
100 _aGoodnow, Patti
245 _aYankee Doodle /
_cillustrated by Patti Goodnow.
260 _bScholastic ,
_aNew York :
_c2002.
999 _c111320
_d111320